Astronautes par nationalité - Statistiques

Statistiques générales
  • Ce quiz a été pris 42 fois
  • Le résultat moyen est 27 sur 42
Statistiques - réponses
Nationalité % Correct
France
100%
Japon
98%
URSS / Russie
98%
USA
95%
Chine
93%
Australie
90%
Espagne
90%
Inde
90%
Royaume-Uni
88%
Canada
85%
Italie
85%
Portugal
85%
Allemagne
80%
Mexique
80%
Brésil
78%
Suède
78%
Pologne
75%
Suisse
75%
Belgique
73%
Pays-Bas
73%
Ukraine
68%
Autriche
63%
Danemark
63%
Roumanie
60%
Afrique du Sud
58%
Israël
58%
Kazakhstan
58%
Arabie Saoudite
53%
Hongrie
53%
République Tchèque
53%
Biélorussie
50%
Egypte
50%
Mongolie
50%
Iran
48%
Islande
48%
Emirats Arabes Unis
45%
Bulgarie
43%
Viêt Nam
43%
Malaisie
30%
Cuba
23%
Syrie
20%
Costa Rica
5%
Aucun quiz correspondant
Distribution des résultats
% des personnes avec chaque résultat
Percentile par nombre de réponses
Votre historique - résultats
Vous n’avez pas pris ce quiz